000
00225nam a2200097Ia 4500
008
120527s9999 xx 000 0 und d
100
_a
KRSMANOVIC,Velibor.
245
_a
Malignant cell secretion.
260
_b
CRS
942
_c
BK
999
_c
23940
_d
23940